Statistics for Every Country in its Official/Native Language

Click here to take the quiz!

General Stats

  • This quiz has been taken 4,407 times
  • The average score is 157 of 196

Answer Stats

Native CountryCountry% Correct
AfricaAngolaAngola
98%
AfricaBéninBenin
98%
AfricaBotswanaBotswana
97%
AfricaBurkina FasoBurkina Faso
97%
AfricaBurundiBurundi
97%
AfricaCamerounCameroon
97%
AfricaCabo VerdeCape Verde
96%
AfricaCôte d'IvoireIvory Coast
96%
AfricaGambiaGambia
95%
AfricaGhanaGhana
95%
AfricaKenyaKenya
95%
AfricaTchadChad
94%
AfricaRépublique démocratique du CongoDemocratic Republic of the Congo
94%
AfricaeSwatiniEswatini
94%
AfricaGuinéeGuinea
94%
AfricaLesothoLesotho
94%
AfricaLiberiaLiberia
94%
AfricaMadagasikaraMadagascar
94%
AfricaMalawiMalawi
94%
AfricaMaliMali
94%
AfricaMoçambiqueMozambique
94%
AfricaNamibiaNamibia
94%
AfricaNigerNiger
94%
AfricaNigeriaNigeria
94%
AfricaRépublique du CongoRepublic of the Congo
94%
AfricaRwandaRwanda
94%
AfricaSénégalSenegal
94%
AfricaSouth AfricaSouth Africa
94%
AfricaZambiaZambia
94%
AfricaRépublique CentrafricaineCentral African Republic
93%
AfricaGuinea EcuatorialEquatorial Guinea
93%
AfricaGuiné-BissauGuinea-Bissau
93%
AfricaSierra LeoneSierra Leone
93%
AfricaSouth SudanSouth Sudan
93%
AfricaTanzaniaTanzania
93%
AfricaTogoTogo
93%
AfricaUgandaUganda
93%
AfricaZimbabweZimbabwe
93%
AfricaJabuutiDjibouti
92%
AfricaRépublique gabonaiseGabon
92%
AfricaSão Tomé E PríncipeSão Tomé and Príncipe
92%
AsiaTürkiyeTurkey
92%
AsiaViệt NamVietnam
92%
AsiaAzərbaycanAzerbaijan
91%
AfricaErtraEritrea
91%
AsiaIndonesiaIndonesia
91%
AsiaMalaysiaMalaysia
91%
AsiaPilipinasPhilippines
91%
AsiaSingaporeSingapore
91%
AsiaTurkmenistanTurkmenistan
91%
South AmericaArgentinaArgentina
90%
South AmericaBoliviaBolivia
90%
South AmericaBrasilBrazil
90%
South AmericaChileChile
90%
South AmericaColombiaColombia
90%
AsiaTimor-LesteEast Timor
90%
South AmericaEcuadorEcuador
90%
South AmericaGuyanaGuyana
90%
South AmericaParaguayParaguay
90%
South AmericaPerúPeru
90%
South AmericaSurinameSuriname
90%
South AmericaUruguayUruguay
90%
South AmericaVenezuelaVenezuela
90%
EuropeBelgiëBelgium
89%
Africa
Soomaaliya
Somalia
89%
EuropeAndorraAndorra
88%
EuropeDanmarkDenmark
88%
EuropeFranceFrance
88%
EuropeDeutschlandGermany
88%
EuropeItaliaItaly
88%
AsiaҚазақстанKazakhstan
88%
EuropeLatvijaLatvia
88%
EuropeEspañaSpain
88%
EuropeCittà del VaticanoVatican City
88%
EuropeKosovaKosovo
87%
EuropeLiechtensteinLiechtenstein
87%
EuropeMaltaMalta
87%
EuropeMoldovaMoldova
87%
EuropeMonacaMonaco
87%
EuropeNederlandNetherlands
87%
EuropeNorgeNorway
87%
EuropePolskaPoland
87%
EuropePortugalPortugal
87%
EuropeRomâniaRomania
87%
EuropeSan MarinoSan Marino
87%
EuropeSlovenijaSlovenia
87%
EuropeUnited KingdomUnited Kingdom
87%
OceaniaAustraliaAustralia
86%
EuropeÍslandIceland
86%
EuropeSlovenskoSlovakia
86%
OceaniaFederated States of
Micronesia
Federated States of Micronesia
85%
OceaniaKiribatiKiribati
85%
AsiaКыргызстанKyrgyzstan
85%
EuropeLietuvaLithuania
85%
EuropeLëtzebuergLuxembourg
85%
OceaniaPapua New GuineaPapua New Guinea
85%
OceaniaSāmoaSamoa
85%
OceaniaSolomon IslandsSolomon Islands
85%
OceaniaTongaTonga
85%
OceaniaTuvaluTuvalu
85%
OceaniaVanuatuVanuatu
85%
EuropeČeskoCzech Republic
84%
OceaniaNaoeroNauru
84%
EuropeSchweizSwitzerland
84%
North AmericaBahamasBahamas
83%
North AmericaBarbadosBarbados
83%
North AmericaBelizeBelize
83%
North AmericaCanadaCanada
83%
North AmericaCosta RicaCosta Rica
83%
North AmericaCubaCuba
83%
North AmericaAntigua & BarbudaAntigua & Barbuda
82%
EuropeÖsterreichAustria
82%
North AmericaDominicaDominica
82%
North AmericaRepública DominicanaDominican Republic
82%
North AmericaEl SalvadorEl Salvador
82%
OceaniaVitiFiji
82%
North AmericaGrenadaGrenada
82%
North AmericaGuatemalaGuatemala
82%
North AmericaHondurasHonduras
82%
North AmericaJamaicaJamaica
82%
North AmericaMéxicoMexico
82%
North AmericaNicaraguaNicaragua
82%
North AmericaPanamáPanama
82%
North AmericaSaint LuciaSaint Lucia
82%
North AmericaUnited StatesUnited States
82%
EuropeÉireIreland
81%
OceaniaBelauPalau
81%
North AmericaSaint Kitts and NevisSaint Kitts and Nevis
81%
North AmericaSaint Vincent and the
Grenadines
Saint Vincent and the Grenadines
81%
AsiaТоҷикистонTajikistan
81%
North AmericaTrinidad and TobagoTrinidad and Tobago
81%
AfricaMorisMauritius
80%
EuropeРоссияRussia
80%
AfricaSeselSeychelles
80%
EuropeEestiEstonia
79%
EuropeSuomiFinland
79%
EuropeSverigeSweden
79%
AsiaЎзбекистонUzbekistan
79%
EuropeΕλλάςGreece
78%
Asia日本Japan
78%
AfricaمصرEgypt
77%
EuropeБеларусьBelarus
76%
EuropeMagyarországHungary
76%
OceaniaAotearoaNew Zealand
76%
Asia中国China
75%
North AmericaAyitiHaiti
75%
AsiaМонгол УлсMongolia
75%
EuropeBosna i HercegovinaBosnia and Herzegovina
74%
EuropeHrvatskaCroatia
73%
EuropeСеверна МакедонијаNorth Macedonia
73%
EuropeУкраїнаUkraine
73%
Asia대한민국South Korea
72%
Asia조선인민주의 공화국North Korea
71%
AfricaليبياLibya
70%
EuropeБългарияBulgaria
69%
AfricaالمغربMorocco
69%
AfricaኢትዮጵያEthiopia
68%
OceaniaAorōkin M̧ajeļMarshall Islands
68%
AfricaتونسTunisia
68%
AsiaBruneiBrunei
67%
EuropeСрбијаSerbia
67%
Asia臺灣Taiwan
66%
EuropeShqipëriaAlbania
64%
AsiaישראלIsrael
62%
AfricaموريتانياMauritania
61%
EuropeЦрна ГораMontenegro
61%
AfricaالسودانSudan
61%
AfricaDzayerAlgeria
60%
AsiaΚύπροςCyprus
59%
Asiaالمملكة العربية السعوديةSaudi Arabia
59%
Asiaالإمارات العربيّة المتّحدةUnited Arab Emirates
59%
AsiaالعراقIraq
58%
AsiaایرانIran
57%
AsiaเมืองไทยThailand
57%
AsiaاليمنYemen
54%
AsiaافغانستانAfghanistan
53%
AsiaعُمانOman
53%
AsiaقطرQatar
53%
AsiaالبحرينBahrain
52%
AsiaსაქართველოGeorgia
52%
Asiaدولة الكويتKuwait
52%
AsiaবাংলাদেশBangladesh
51%
Africaجزر القمرComoros
51%
AsiaالأردنJordan
51%
AsiaسوريةSyria
51%
AsiaلبنانLebanon
50%
AsiaनेपालNepal
50%
AsiaປະເທດລາວLaos
49%
Asia
Հայաստան
Armenia
48%
Asiaའབྲུག་ཡུལBhutan
48%
Asiaកម្ពុជាCambodia
48%
AsiaپاکستانPakistan
47%
AsiaભારતIndia
45%
Asiaမြန်မာMyanmar
45%
Asiaශ්‍රී ලංකාවSri Lanka
45%
AsiaދިވެހިރާއްޖެMaldives
40%

Score Distribution

Percentile by Number Answered

Percent of People with Each Score

Your Score History

You have not taken this quiz